Statistiques concernant Equipes les plus titrés des 5 grands championnats

Cliquez ici pour prendre le quiz!

Statistiques générales

  • Ce quiz a été pris 352 fois
  • Le résultat moyen est 22 sur 49

Statistiques - réponses

Nombre
de titres
Equipe% Correct
9Olympique de Marseille
96%
7Olympique Lyonnais
93%
10AS Saint-Etienne
91%
9Paris Saint-Germain
91%
34Real Madrid
90%
26FC Barcelone
89%
7Manchester City
89%
20Manchester United
89%
19Liverpool
88%
31Bayern Munich
84%
13Arsenal
81%
6Chelsea
81%
11Atlético de Madrid
80%
1Séville FC
72%
6Girondins de Bordeaux
69%
8AS Monaco
68%
8Borussia Dortmund
65%
6Valence CF
58%
7Aston Villa
56%
18AC Milan
48%
19Internazionale
48%
1Real Betis
48%
8FC Nantes
40%
6Stade de Reims
40%
3AS Rome
35%
9Everton
34%
4Lille OSC
33%
2SSC Naples
31%
2Real Sociedad
29%
7Schalke 04
28%
4OGC Nice
27%
8Athletic Bilbao
26%
6Hambourg SV
22%
36Juventus FC
20%
1Deportivo La Corogne
18%
2ACF Fiorentina
16%
5Borussia Mönchengladbach
16%
7Torino FC
16%
4Newcastle United
15%
5VfB Stuttgart
14%
4Werder Brême
14%
2SS Lazio
12%
7Bologne FC
7%
9Genoa CFC
7%
9FC Nuremberg
6%
6Sunderland
5%
4FC Kaiserslautern
3%
4Sheffield Wednesday
1%
7Pro Vercelli
0%

Distribution des résultats

Percentile par nombre de réponses

% des personnes avec chaque résultat

Votre développement - résultats

Vous n’avez pas pris ce quiz